000 00491nam a2200133Ia 4500
008 150609s9999 xx 000 0 und d
050 _aHF 5415.335
_b.M716 2015
100 _aMojica, Troy S.
245 _aLevels of customer satisfaction of the generics pharmacy /
_cTroy S. Mojica.
260 _aLas Piñas, Philippines :
_bSISC,
_c2015.
300 _a62 pages :
_billustrations ;
_c28 cm.
500 _aIncludes bibliographical references and appendices.
650 _aConsumer satisfaction
999 _c285057
_d285057